Normal view
MARC view
Entry Topical Term
001 - CONTROL NUMBER
- control field: 7122
003 - CONTROL NUMBER IDENTIFIER
- control field: ARRUPE
005 - DATE AND TIME OF LATEST TRANSACTION
- control field: 20140128112937.0
008 - FIXED-LENGTH DATA ELEMENTS
- fixed length control field: 140128|| aca||aabn | a|a d
040 ## - CATALOGING SOURCE
- Original cataloging agency: ARRUPE
- Transcribing agency: ARRUPE
150 ## - HEADING--TOPICAL TERM
- Topical term or geographic name as entry element: Lent
- General subdivision: meditations
670 ## - SOURCE DATA FOUND
- Source citation: Work cat.: (ARRUPE): Herrick, Vanessa 7121, Take up your Cross, 2005